000 01389nam a2200361 a 4500
001 000108003
003 CHAP
005 20241015134226.0
008 131127s2012 mx |r| |||||||spa d
010 _a104465
011 _a105437
040 _cCHAP
090 _aFolleto 18379
100 1 _aGrass Ramírez, José Fernando
_9124765
245 1 3 _aEl enfoque de sistemas agroalimentarios localizados - SIAL :
_bpropuestas para el fortalecimiento metodológico /
_cpor José Fernando Grass Ramírez, Fernando Cervantes Escoto y María Isabel Palacios Rangel.
260 _aChapingo, Méx :
_bCentro de Investigaciones Económicas Sociales Tecnológicas de la Agroindustria y de la Agricultura Mundial,
_c2012.
300 _a46 p.
490 1 _aReporte de investigación
_v; 92
590 _aE11695DGD
_b10
_c20131129
_lUCH01
_h1012
590 _aE11695DGD
_b10
_c20131129
_lUCH01
_h1013
590 _aE5995AHE
_b05
_c20131127
_lUCH01
_h0915
590 _aE5995AHE
_b05
_c20131127
_lUCH01
_h0916
590 _aE5995AHE
_b05
_c20131127
_lUCH01
_h0916
650 1 4 _aDesarrollo de la comunidad rural
_zMéxico.
_932040
650 1 7 _aIndustria lechera
_zMéxico
_2
_957847
650 1 4 _aLeche.
_965357
650 1 4 _aQueso
_xProcesado.
_993233
700 1 _aCervantes Escoto, Fernando
_921557
830 0 _aReporte de investigación
_v; 92
_996000
901 _aBK
942 _cFOLL
942 _n0
999 _c104465
_d104465